| 000 | 00613nam a2200205Ia 4500 | ||
|---|---|---|---|
| 003 | OSt | ||
| 005 | 20240913151446.0 | ||
| 008 | 220927b |||||||| |||| 00| 0 eng d | ||
| 040 |
_aSDCL _cSDCL _beng |
||
| 041 |
_2eng _aeng |
||
| 082 | _aRxM68,PR K4 | ||
| 100 |
_aHagerstrom, Axel _9413141 |
||
| 245 | 0 | _aPhilosophy and religion. | |
| 260 |
_aLondon: _bGeorge Allen & Unwin Ltd, _c1964. |
||
| 300 |
_a320p. _ccm. |
||
| 490 | _aMuirhead library of philosophy. | ||
| 700 |
_a Sandin Robert T Tr. _9413142 |
||
| 942 |
_hRxM68,PR K4 _cTEXL _2CC |
||
| 999 |
_c728910 _d728910 |
||